000 00324nam a2200121Ia 4500
005 20251222141806.0
008 251222s9999||||xx |||||||||||||| ||spa||
020 _a958-33-9279-0
082 _a338.92/C78/2005
245 0 _aAgenda Latinoamericana para la Globalización
264 _bFundación Agenda Colombiana
942 _cLIB
999 _c6323
_d6323